| 000 | 01197nam a2200133Ia 4500 | ||
|---|---|---|---|
| 008 | 220615s9999||||xx |||||||||||||| ||und|| | ||
| 020 | _a9783040000000 | ||
| 245 | 0 | _aRacialized Citizenship in Superdiverse Europe | |
| 546 | _aEnglish[eng] | ||
| 650 | _aEuropean Muslims||inequalities||gender||youth of migrant origin||knowledge production||anti-racism||intersectionality||EU anti-racism action plan 2020–2025||activism||border externalization||West Africa||migration||illegalization||politics of belonging||narratives||black youth||gender ideologies||Spain||racialization||aporophobia||class||discrimination||immigration||Roma||Ciganos/Roma||racism||social inequalities||COVID-19 pandemic||Portugal||integration||race||Europe||United States||Charnegroes||Black Africans||Catalonia||national identity||Africanness||antigypsyism||hate speech||racial discrimination||symbolic violence||EU Roma framework||Spanish politics||colorblindness||diversity||multiracial||interculturalism||diversity management||post-racial||whiteness||colorblind||European colonialism | ||
| 700 | _aHellgren, Zenia||Bereményi, Bálint Ãbel | ||
| 856 | _uhttps://mdpi.com/books/pdfview/book/5046 | ||
| 942 | _cEB | ||
| 999 |
_c11464 _d11464 |
||